000 00502nam a2200205 a 4500
001 935
003 CO-ViMGA
008 141112s2004 ck r 000 u spa d
040 _aCO-ViMGA
_bspa
_cCO-ViMGA
082 0 4 _a530 D868
100 1 _aDuquesne, Maurice
_948923
245 1 0 _aMaterĂ­a y antimaterĂ­a
260 _aBarcelona :
_bOikos - tau,
_c1971
300 _a122 p
490 _aQue se?, 63
650 1 4 _aAUTIMATERIA
_948924
650 1 4 _aMATERIA
650 1 4 _aRELATIVIDAD
942 _2ddc
_cBK
999 _c13162
_d13162